000 00482cam a22001934a 4500
005 20250605164153.0
008 250528s ||||||||||||||||||||||||d
035 _a19445
020 _a9602320006
040 _aGR-AtMCL
_bgre
_dGR-AtMCL
_eAACR2
245 1 _aLABOUR LAW AND INDUSTRIAL RELATIONS IN GREECE
250 _a1
260 _bKluwer/Sakkoulas,
_c1990
300 _a192
700 1 _aKoniaris Theodore B
_95698
942 _cBK
999 _c4701
_d4701